000 00745nam a2200253Ia 4500
003 OSt
005 20221005032227.0
006 a|||||r|||| 00| 0
007 ta
008 221004b |||||||| |||| 00| 0 eng d
020 _a9780226713427 (pbk)
_c1184
024 _a98187
037 _b470, 28/10/2009, Bhartiya Sahitya Bhawan
_cTextual
040 _aCRL
_cCRL
_beng
041 _2eng
_aeng
082 _aS:43v, P6
100 _aRicoeur Paul
245 0 _aMemory, history, forgetting
260 _aChicago
_bChicago University Press USA
_c2006
300 _axvii,642p.
_ccm.
650 _aPSYCHOLOGY
942 _hS:43v, P6
_cTEXL
_2cc
999 _c939299
_d939299